| 000 | 00000nam 2200000zi 4500 |
| 001 | 9.947872 |
| 003 | CaOODSP |
| 005 | 20250409122417 |
| 006 | m o d f |
| 007 | cr |n||||||||| |
| 008 | 250211s2025 onca o f000 0 fre d |
| 020 | |a9780660756639 |
| 040 | |aCaOODSP|bfre|erda|cCaOODSP |
| 043 | |an-cn--- |
| 086 | 1 |aM34-93/2025F-PDF |
| 245 | 00|aFonds pour l'infrastructure des minéraux critiques (FIMC) : |bfavoriser la mise en valeur de mines grâce aux infrastructures d’énergie et de transport. |
| 264 | 1|a[Ottawa] : |bGouvernement du Canada = Government of Canada, |c[2025] |
| 300 | |a1 ressource en ligne (1 page) : |billustrations |
| 336 | |atexte|btxt|2rdacontent/fre |
| 337 | |ainformatique|bc|2rdamedia/fre |
| 338 | |aressource en ligne|bcr|2rdacarrier/fre |
| 500 | |aPublié aussi en anglais sous le titre : Critical Minerals Infrastructure Fund (CMIF) : accelerating mine development through energy and transportation infrastructure. |
| 650 | 6|aAide de l'État à l'industrie minière|zCanada. |
| 650 | 6|aMines|xIndustrie|zCanada|xFinances. |
| 650 | 6|aInfrastructure (Économie politique)|zCanada|xFinances. |
| 710 | 1 |aCanada. |bRessources naturelles Canada, |eorganisme de publication. |
| 775 | 08|tCritical Minerals Infrastructure Fund (CMIF) : |w(CaOODSP)9.947871 |
| 776 | 0#|tFonds pour l'infrastructure des minéraux critiques : |w(CaOODSP)9.947997 |
| 856 | 40|qPDF|s87.7 Ko|uhttps://publications.gc.ca/collections/collection_2025/rncan-nrcan/M34-93-2025-fra.pdf |